| 000 | 00709nam a2200121Ia 4500 | ||
|---|---|---|---|
| 008 | 220216s9999 xx 000 0 und d | ||
| 100 | _aPrakash G K | ||
| 245 | 0 | _aProblems and prospects of rubberwood utilisation in India | |
| 260 |
_bIn: Proceedings of the International Rubberwood Seminar, 21-22 May 1990, Kuala Lumpur, Malaysia, pp.81-85. _c1990 |
||
| 520 | _aThe paper deals with the statistical analysis on the availability, consumption etc of rubber wood in India. It also highlights the current fields of utilization, preservative treatments adopted, seasoning technologies and marketing potentialities and future prospective of rubber wood in India. | ||
| 650 | _aRubberwood preservation | ||
| 942 | _cBO | ||
| 999 |
_c48116 _d48116 |
||